Urban development in India (Record no. 28329)

MARC details
000 -LEADER
fixed length control field 00283nam a2200109Ia 4500
082 ## - DEWEY DECIMAL CLASSIFICATION NUMBER
Classification number 711.4(540)
Item number KAM;1
100 ## - MAIN ENTRY--AUTHOR NAME
Personal name Kamaldeo Narain Singh
245 #0 - TITLE STATEMENT
Title Urban development in India
260 ## - PUBLICATION, DISTRIBUTION, ETC. (IMPRINT)
Place of publication New Delhi
Name of publisher Abhinav
Year of publication 1978
942 ## - ADDED ENTRY ELEMENTS (KOHA)
Koha item type Books
Holdings
Withdrawn status Lost status Damaged status Not for loan Home library Current library Date acquired Cost, normal purchase price Full call number Accession Number Koha item type
        RRII Library RRII Library 16/12/2021 55.00 711.4(540) KAM;1 08930 Books